Statistics for Publicly Traded Companies From California

Click here to take the quiz!

General Stats

  • This quiz has been taken 6 times
  • The average score is 10 of 32

Answer Stats

Stock SymbolAnswer% Correct
AAPLApple
83%
NFLXNetflix
67%
AMDAMD
50%
DISDisney
50%
EBAYeBay
50%
QCOMQualcomm
50%
UBERUber
50%
ADBEAdobe
33%
GOOGLAlphabet
33%
CVXChevron
33%
COINCoinbase
33%
DASHDoorDash
33%
EAElectronic Arts
33%
HPQHP
33%
NVDANVIDIA
33%
PYPLPayPal
33%
RBLXRoblox
33%
SNAPSnap
33%
TWTRTwitter
33%
ATVIActivision Blizzard
17%
ABNBAirbnb
17%
SQBlock
17%
CMGChipotle
17%
CSCOCisco Systems
17%
INTCIntel
17%
LCIDLucid Group
17%
FBMeta Platforms
17%
PSAPublic Storage
17%
CRMSalesforce
17%
UUnity Software
17%
VVisa
17%
WFCWells Fargo
17%

Score Distribution

Percentile by Number Answered

Percent of People with Each Score

Your Score History

You have not taken this quiz